Statistiken für Alle Käfer-Pokemon (Gen 1)

Klicken Sie hier um das Quiz zu spielen!

Allgemein

  • Dieses Quiz wurde 137 mal gespielt
  • Das Durchschnittsergebnis liegt bei 11 aus 12

Antwortstatistiken

HintAntwort% Korrekt
#010Raupy
99%
#011Safcon
96%
#012Smettbo
96%
#015Bibor
95%
#013Hornliu
95%
#014Kokuna
95%
#123Sichlor
86%
#048Bluzuk
84%
#049Omot
83%
#127Pinsir
77%
#046Paras
75%
#047Parasek
74%

Verteilung der Resultate

Perzentil nach korrekt beantworteten Fragen

Anzahl Personen mit jedem Resultat

Ihre Resultats-Entwicklung

Sie haben dieses Quiz noch nicht gespielt